000 00649nam a2200229Ia 4500
005 20240212114043.0
008 131103s9999 xx 000 0 und d
020 _aSBN 070417407
040 _aLoreto College
041 _aEnglish
082 _a370.9
_bMEY
100 _aMeyer,Adolphe E.
245 3 _aAn Educational History of the Western World,
_cAdolphe E.Meyer
250 _a2nd ed.
260 _aNew York
_bMcGraw - Hill Book Company
_c1972
300 _ax,547 p.
504 _aIncludes bibliography and index
650 _aEducation
651 _aHistorical,geographic and personal treatment
850 _aLCLIB
942 _cBK
999 _c9080
_d59559